书目信息 |
| 题名: |
墨西哥独立战争
|
|
| 作者: | 王春良 著 | |
| 分册: | ||
| 出版信息: | 北京 商务印书馆 1984 |
|
| 页数: | 58页 | |
| 开本: | 19cm | |
| 丛书名: | ||
| 单 册: | ||
| 中图分类: | K731.41 | |
| 科图分类: | ||
| 主题词: | 独立战争--墨西哥 | |
| 电子资源: | ||
| ISBN: | ||
| 000 | 00605nam0 2200217 45 | |
| 001 | 0184012294 | |
| 005 | 20051214090330.54 | |
| 010 | @dCNY0.21 | |
| 100 | @a19950621d1984 em y0chiy0121 ea | |
| 101 | 0 | @achi |
| 102 | @aCN@b110000 | |
| 105 | @ay z 000yy | |
| 200 | 10 | @a墨西哥独立战争@Amo xi ge du li zhan zheng@f王春良著@Fwang chun liang zhu |
| 210 | @a北京@c商务印书馆@d1984 | |
| 215 | @a58页@d19cm | |
| 606 | @a独立战争@y墨西哥 | |
| 690 | @aK731.41@v3 | |
| 701 | 0 | @a王春良@Awang chun liang@4著 |
| 801 | 2 | @aCN@bNLC@c20051214 |
| 801 | 0 | @aCN@b上海图书馆@c20040510 |
| 905 | @f1@b124071@dK731.41@e3 | |
| 墨西哥独立战争/王春良著.-北京:商务印书馆,1984 |
| 58页;19cm |
| ISBN :CNY0.21 |
| ● |
| 相关链接 |
|
|
|
|
正题名:墨西哥独立战争
索取号:K731.41/3
 
预约/预借
| 序号 | 登录号 | 条形码 | 馆藏地/架位号 | 状态 | 备注 |
| 1 | 0124070 | 202162774 | 密集书库/ [索取号:K731.41/3] | 在馆 | |
| 2 | 0124071 | 001413759 | 第二借阅区/ [索取号:K731.41/3] | 在馆 | |
| 3 | 0124072 | 001413768 | 第二样本阅览室/ [索取号:K731.41/3] | 在馆 |